00666nam a22002177a 450000500170000001000130001702000230003003500130005303700160006604000120008208200170009410000130011124500800012426000420020427000430024630000320028950000500032165000300037165000280040170000190042920170124110117.0 aB-190963 c295.00a8170999507 aB-190963 bCen Lib/Ret aDPLbEN a363.729bHEM aHema, B. aEnvironmental perception of slum dwellers /cby B.Hema [and] Shagufta Jamal aNew DelhibMittal Publications c2004 bNew DelhiaA-110, Mohan Gardene110059 axii,118p. :c21cm(Hb)bill. aIncludes bibliographical references and index aEcology -- Public opinion aGeographical perception aShagufta Jamal